Statistiques concernant Locutions latines

Cliquez ici pour prendre le quiz!

Statistiques générales

  • Ce quiz a été pris 22 fois
  • Le résultat moyen est 6 sur 14

Statistiques - réponses

LatinFrançais% Correct
A contrarioA l'inverse
100%
Ex æquoà égalité
76%
De factoDe fait
76%
ErratumErreur
71%
Intra murosdans les murs
67%
Grosso Modode manière grossière
57%
Carpe DiemCueille le jour
33%
A fortioriA plus forte raison
29%
Ab ovoDepuis l’œuf
24%
Placere et docerePlaire et instruire
19%
Fluctuat nec mergiturIl est battu par les flots, mais ne sombre pas
14%
Post hoc ergo propter hocà la suite de cela, donc à cause de cela
5%
Vulnerant omnes ultimat necatToutes blessent, mais la dernière tue
5%
nec plus ultrarien de mieux
0%

Distribution des résultats

Percentile par nombre de réponses

% des personnes avec chaque résultat

Votre développement - résultats

Vous n’avez pas pris ce quiz